000 00157nam a2200061Ia 4500
999 _c10496
_d10496
003 OSt
005 20230410120742.0
008 170523s9999 xx 000 0 und d
040 _cIIMT UNIVERSITY
100 _aDAMODARAN SUMA
245 0 _aMANAGERIAL ECONOMICS
260 _aNEW DELHI
_bOXFORD
_c2011
300 _a591
942 _2ddc
_c02